| 000 | 00973nam a22002417a 4500 | ||
|---|---|---|---|
| 003 | OSt | ||
| 005 | 20260511120505.0 | ||
| 008 | 260511b |||||||| |||| 00| 0 eng d | ||
| 020 | _a9781465426345 | ||
| 040 | _aKenya National Library Service | ||
| 082 | _a791.4572 DAK | ||
| 100 |
_aDakin, Glenn, _eauthor. |
||
| 245 |
_aStar Wars, the Clone Wars : _bjedi vs. Sith / _cwritten by Glenn Dakin. |
||
| 300 |
_a191 pages : _bcolour illustrations ; _c26 cm. |
||
| 500 | _aBased on the television series Star Wars: The Clone Wars. | ||
| 520 | _aAn illustrated guide introducing young readers to the Jedi and Sith characters, battles, powers, weapons, and adventures featured in the Star Wars: The Clone Wars universe. | ||
| 521 | _aAges 8-12. | ||
| 650 |
_aStar Wars films _vJuvenile literature. |
||
| 650 |
_aScience fiction television programs _vJuvenile literature. |
||
| 942 |
_2ddc _cBK _n0 |
||
| 999 |
_c492662 _d492662 |
||